Morningstar complete investor : practical, authoritative, and proven strategies for building wealth and winning in the marke

में बचाया:
ग्रंथसूची विवरण
मुख्य लेखक:  Benz, christine
स्वरूप: Sách
भाषा:Undetermined
प्रकाशित:  John Wiley & Sons  2006
विषय:
टैग : टैग जोड़ें
कोई टैग नहीं, इस रिकॉर्ड को टैग करने वाले पहले व्यक्ति बनें!
Thư viện lưu trữ: Trung tâm Thư viện - Trường Đại học Công nghiệp TP. Hồ Chí Minh
LEADER 00581nam a2200157Ia 4500
001 UIH_04238
008 231011s9999 xx 000 0 und d
082 |a  332.63 
100 |a  Benz, christine 
245 0 |a  Morningstar complete investor : practical, authoritative, and proven strategies for building wealth and winning in the marke 
245 0 |c  Benz, christine 
260 |b  John Wiley & Sons 
260 |c  2006 
650 |a  Đầu tư; Đầu tư;  
927 |a Sách 
980 |a Trung tâm Thư viện - Trường Đại học Công nghiệp TP. Hồ Chí Minh